000
00321 a2200145 4500
001
178456
020
_a
040
_c
Magnum
100
_a
Souza, Flavio de
240
1
0
_a
O rato que queria ser mickey
_l
por
245
1
0
_a
O rato que queria ser mickey
362
0
_a
1899
697
_a
MAGNITO: J/AVENTURA
942
_c
BK
999
_c
178456
_d
178456